History Quiz

Random History or World Quiz

World War II Battles Quiz Stats

 Plays Quiz Updated Jun 20, 2018

Score 0/36 Timer 08:00
22 Plays Today
Started Battle % Correct
Jun, 1944Battle of Normandy
77.9%
Dec, 1944Battle of the Bulge
70.1%
Jul, 1942Battle of Stalingrad
69.8%
Dec, 1941Attack on Pearl Harbor
69.2%
Jun, 1942Battle of Midway
66.3%
Feb, 1945Battle of Iwo Jima
64.9%
Apr, 1945Battle for Berlin
61.1%
Sep, 1939Blitzkrieg Attack on Poland
60.7%
Jul, 1940Battle of Britain
54.7%
Aug, 1945Atomic bombings of Hiroshima and Nagasaki
50.7%
Apr, 1945Battle of Okinawa
47.2%
Sep, 1941Siege of Leningrad
46.5%
Oct, 1941Battle for Moscow
40.8%
Aug, 1942Battle of Guadalcanal
39.2%
Oct, 1942Battle of El Alamein
37.3%
May, 1940Battle of Dunkirk
35%
Jul, 1943Battle of Kursk
29.7%
May, 1942Battle of the Coral Sea
29%
Started Battle % Correct
Jan, 1944Battle of Monte Cassino
28.7%
Jun, 1941Operation Barbarossa
21%
Sep, 1939Battle of the Atlantic
20.5%
Jan, 1942Fall of Singapore
20.3%
April, 1941Siege of Tobruk
19.8%
Jun, 1944Battle of the Philippine Sea
19.2%
Oct, 1944Battle of Leyte Gulf
17.7%
Sep, 1944Battle of Arnhem
16.8%
Nov, 1942Operation Torch
14.4%
Jan, 1942Battle of Bataan
12.2%
Dec, 1939Battle of the River Plate
8%
Aug, 1944Battle for Brittany
5.5%
May, 1942Battle of Gazala
5%
Nov, 1941Battle of Rostov
4.7%
Aug, 1940Hundred Regiments Offensive
4.3%
Nov, 1943Battle of Makin
4.3%
Jan, 1942Battle of Rabaul
4.1%
Aug, 1942Battle of Milne Bay
3.5%

You're not logged in!

Compare scores with friends on all Sporcle quizzes.
OR
Log In

Sporcle TV

Today on Sporcle TV


Watch our educational content, quiz creation guides, and fun videos on Sporcle TV.

Show Comments

Extras

Top Quizzes Today


Score Distribution

Your Account Isn't Verified!

In order to create a playlist on Sporcle, you need to verify the email address you used during registration. Go to your Sporcle Settings to finish the process.

Report this User

Report this user for behavior that violates our Community Guidelines.

Details: